Vista normal
Vista MARC
Entrada Título Uniforme
Número de registros utilizados en: 6
001 - NÚMERO DE CONTROL
- Campo de control: 34527
003 - IDENTIFICADOR DE NÚMERO DE CONTROL
- Campo de control: ES-MaCES
005 - FECHA Y HORA DE LA ULTIMA MODIFICACION
- Campo de control: 20100528102000.0
008 - ELEMENTOS DE DATOS DE LONGITUD FIJA
- Campo de longitud fija: 100528 | azznnaabn |n ana d
035 ## - NÚMERO DE CONTROL DEL SISTEMA
- Número de control del sistema: CES20100000381t
040 ## - FUENTE DE LA CATALOGACIÓN
- Agencia original de catalogación: ES-MaCES
- Idioma de catalogación: spa
- Agencia de transcripción: ES-MaCES
130 #0 - ENCABEZAMIENTO--TÍTULO UNIFORME
- Título uniforme: Declaración Universal de Derechos Humanos
- Fecha de la firma del tratado: 1948
670 ## - FUENTE DE DATOS ENCONTRADOS
- Fuente de citación: CD del CES
- Información encontrada: : Declaración Universal de Derechos del Niño de la Organización de las Naciones Unidas, firmada en Paris en 1948. La BN normaliza como 110 Organización Naciones Unidas, Asamblea General. Declaración Universal de Derechos Humanos. El CD del CES, finalmente normaliza comoX30, como el resto de Declaraciones (del niño...)
901 ## - CES. DATOS SIRTEX
- ID Sirtex (N5N8): 0002300002907
- 005BIS Sirtex: 201005281016ALORITE

